Anatomy and physiology of farm animals / (Record no. 16066)

000 -LEADER
fixed length control field 00492pam a2200181 a 4500
020 ## - INTERNATIONAL STANDARD BOOK NUMBER
ISBN 0812110269
040 ## - CATALOGING SOURCE
Transcribing agency DLC
082 00 - DEWEY DECIMAL CLASSIFICATION NUMBER
Classification number 636 LEA 1986 A083 Or.
100 1# - MAIN ENTRY--AUTHOR NAME
Personal name Frandson, R. D.
245 10 - TITLE STATEMENT
Title Anatomy and physiology of farm animals /
250 ## - EDITION STATEMENT
Edition statement 4th ed.
260 ## - PUBLICATION, DISTRIBUTION, ETC. (IMPRINT)
Place of publication Philadelphia :
Name of publisher Lea & Febiger,
Year of publication 1986.
300 ## - PHYSICAL DESCRIPTION
Number of Pages xvii, 560 p. :
Other physical details ill. (some col.) ;
Dimensions 26 cm.
500 ## - GENERAL NOTE
General note Includes index.
650 #0 - SUBJECT ADDED ENTRY--TOPICAL TERM
Topical Term Veterinary anatomy.
650 #0 - SUBJECT ADDED ENTRY--TOPICAL TERM
Topical Term Veterinary physiology.
942 ## - ADDED ENTRY ELEMENTS (KOHA)
Koha item type សៀវភៅភាសាអង់គ្លេស
952 ## - LOCATION AND ITEM INFORMATION (KOHA)
Withdrawn status [LOCAL, KOHA] 0
Holdings
Permanent Location Date acquired Koha item type Lost status Shelving location Barcode Current Location Full call number
Library Block A2017-12-30សៀវភៅភាសាអង់គ្លេស A083A14997Library Block A636 LEA 1986 A083 Or.
មជ្ឈមណ្ឌលឯការនៃសាកលវិទ្យាល័យភូមិន្ទកសិកម្មចំការដូង

Powered by Koha